Indian non-vegetarian delicacies / (Record no. 129528)

MARC details
000 -LEADER
fixed length control field 00738nam a22002417a 4500
003 - CONTROL NUMBER IDENTIFIER
control field dpl
005 - DATE AND TIME OF LATEST TRANSACTION
control field 20190128130659.0
008 - FIXED-LENGTH DATA ELEMENTS--GENERAL INFORMATION
fixed length control field 180609b xxu||||| |||| 00| 0 eng d
010 ## - LIBRARY OF CONGRESS CONTROL NUMBER
LC control number B-019521
020 ## - INTERNATIONAL STANDARD BOOK NUMBER
Terms of availability 225.00
International Standard Book Number 818710029
035 ## - SYSTEM CONTROL NUMBER
System control number B-019521, B-019548, B-019550
037 ## - SOURCE OF ACQUISITION
Source of stock number/acquisition Cen Lib/Ret
040 ## - CATALOGING SOURCE
Original cataloging agency DPL
Language of cataloging EN
Transcribing agency 0
082 ## - DEWEY DECIMAL CLASSIFICATION NUMBER
Classification number 641.66
Item number MAT
100 ## - MAIN ENTRY--PERSONAL NAME
Personal name Mathur, Sudha
9 (RLIN) 22892
245 ## - TITLE STATEMENT
Title Indian non-vegetarian delicacies /
Statement of responsibility, etc by Sudha Mathur
260 ## - PUBLICATION, DISTRIBUTION, ETC. (IMPRINT)
Place of publication, distribution, etc New Delhi
Name of publisher, distributor, etc Ocean Books
Date of publication, distribution, etc 2000
270 ## - ADDRESS
City New Delhi
Address 4/19,Asaf Ali Road
Postal code 110002
300 ## - PHYSICAL DESCRIPTION
Extent 147p. :
Dimensions 23cm(Hb)
Other physical details ill.
650 ## - SUBJECT ADDED ENTRY--TOPICAL TERM
Topical term or geographic name as entry element Delicacies- non-vegetarian
9 (RLIN) 26633
650 ## - SUBJECT ADDED ENTRY--TOPICAL TERM
Topical term or geographic name as entry element Indian Delicacies
9 (RLIN) 26634
942 ## - ADDED ENTRY ELEMENTS (KOHA)
Source of classification or shelving scheme Dewey Decimal Classification
Koha item type English Books
Classification part 641.66
Call number suffix MAT
Holdings
Withdrawn status Lost status Damaged status Not for loan Home library Current library Date acquired Source of acquisition Cost, normal purchase price Total Checkouts Full call number Barcode Date last seen Copy number Cost, replacement price Price effective from Koha item type Source of classification or shelving scheme Collection code
Withdrawn       Central Library Central Library 06/07/2015 Cen Lib/Ret 225.00   641.66 MAT B-019521 06/07/2015 1 225.00 06/07/2015 English Books    
        Shahdara Branch Shahdara Branch 09/06/2018 BPPD/PUB 225.00   641.66 MAT B-019548 09/06/2018   225.00 09/06/2018 English Books Dewey Decimal Classification Non-fiction
        Vigyan Vihar Vigyan Vihar 28/01/2019 BPPD/PUB 225.00   641.66 MAT B-019550 28/01/2019   225.00 28/01/2019 English Books Dewey Decimal Classification Non-fiction

© Delhi Public Library
Hit Counter
free hit counter